| 000 | 00412nam a2200133Ia 4500 | ||
|---|---|---|---|
| 008 | 170516s9999 xx 000 0 und d | ||
| 245 | 2 | _aA comparative study of anatomical models for estimating the radiation risk | |
| 260 | _bJournal of Radiobiology | ||
| 260 | _c2015 | ||
| 300 | _a2:1 | ||
| 650 | _xRadiologic Technology | ||
| 650 | _xRadtech | ||
| 856 | _uhttp://nikanrescorp.com/index.php/JRB/issue/view/11 | ||
| 999 |
_c332090 _d332090 |
||